<?xml version="1.0" encoding="UTF-8"?><?xml-stylesheet type="text/xsl" href="static/style.xsl"?><OAI-PMH xmlns="http://www.openarchives.org/OAI/2.0/" xmlns:xsi="http://www.w3.org/2001/XMLSchema-instance" xsi:schemaLocation="http://www.openarchives.org/OAI/2.0/ http://www.openarchives.org/OAI/2.0/OAI-PMH.xsd"><responseDate>2026-04-17T13:12:47Z</responseDate><request verb="GetRecord" identifier="oai:www.recercat.cat:10256/21726" metadataPrefix="marc">https://recercat.cat/oai/request</request><GetRecord><record><header><identifier>oai:recercat.cat:10256/21726</identifier><datestamp>2024-06-18T12:18:47Z</datestamp><setSpec>com_2072_452955</setSpec><setSpec>com_2072_2054</setSpec><setSpec>col_2072_453069</setSpec></header><metadata><record xmlns="http://www.loc.gov/MARC21/slim" xmlns:dcterms="http://purl.org/dc/terms/" xmlns:xsi="http://www.w3.org/2001/XMLSchema-instance" xmlns:doc="http://www.lyncode.com/xoai" xsi:schemaLocation="http://www.loc.gov/MARC21/slim http://www.loc.gov/standards/marcxml/schema/MARC21slim.xsd">
   <leader>00925njm 22002777a 4500</leader>
   <datafield ind2=" " ind1=" " tag="042">
      <subfield code="a">dc</subfield>
   </datafield>
   <datafield ind2=" " ind1=" " tag="720">
      <subfield code="a">Xiberta, Pau</subfield>
      <subfield code="e">author</subfield>
   </datafield>
   <datafield ind2=" " ind1=" " tag="720">
      <subfield code="a">Boada, Imma</subfield>
      <subfield code="e">author</subfield>
   </datafield>
   <datafield ind2=" " ind1=" " tag="720">
      <subfield code="a">Thió i Fernández de Henestrosa, Santiago</subfield>
      <subfield code="e">author</subfield>
   </datafield>
   <datafield ind2=" " ind1=" " tag="720">
      <subfield code="a">Pedraza, S.</subfield>
      <subfield code="e">author</subfield>
   </datafield>
   <datafield ind2=" " ind1=" " tag="260">
      <subfield code="c">2022-09-06</subfield>
   </datafield>
   <datafield ind2=" " ind1=" " tag="520">
      <subfield code="a">The risk of contagion and the lockdown caused by the COVID-19 pandemic forced a change in teaching methodologies in radiology. New knowledge about the disease that was being acquired on a daily basis needed to be rapidly spread worldwide, but the restrictions imposed made it difficult to share this information. This paper describes the methodology applied to design and launch a practice-based course on chest X-ray suggestive of COVID-19 right after the pandemic started, and aims to determine whether asynchronous online learning tools for radiology education are useful and acceptable to general practitioners and other medical personnel during a pandemic. The study was carried out from April to October 2020 and involved 2632 participants. Pre- and post-testing was used to assess the participants' gain of knowledge in the course content (paired t-tests and chi-squared tests of independence). A five-point Likert scale questionnaire inspired by the technological acceptance model (TAM) was provided to evaluate the e-learning methodology (ANOVA tests). The results from the pre- and post-tests showed that there were significant differences in the scores before and after completing the course (sample size = 2632, response rate = 56%, p &lt; 0.001). As for the questionnaire, all questions surpassed 4.5 out of 5, including those referring to perceived ease of use and perceived usefulness, and no significant differences were found between experienced and inexperienced participants (sample size = 2535, response rate = 53%, p = 0.85). The analysis suggests that the applied methodology is flexible enough to adapt to complex situations, and is useful to improve knowledge on the subject of the course. Furthermore, a wide acceptance of the teaching methodology is confirmed for all technological profiles, pushing for and endorsing a more widespread use of online platforms in the domain of radiology continuing education</subfield>
   </datafield>
   <datafield ind2=" " ind1=" " tag="520">
      <subfield code="a">This work was funded in part by grants from the Catalan&#xd;
Government (Agència de Gestió d'Ajuts Universitaris i de&#xd;
Recerca, No. 2017-SGR-1101) and from the Spanish&#xd;
Government (Ministerio de Ciencia, Innovación y&#xd;
Universidades, No. PID2019-106426RB-C31), and was carried out as part of the POSTDOC-UdG2020 grant (postdoctoral researcher grant from the Universitat de Girona)</subfield>
   </datafield>
   <datafield ind1="8" ind2=" " tag="024">
      <subfield code="a">http://hdl.handle.net/10256/21726</subfield>
   </datafield>
   <datafield tag="653" ind2=" " ind1=" ">
      <subfield code="a">Ensenyament virtual</subfield>
   </datafield>
   <datafield tag="653" ind2=" " ind1=" ">
      <subfield code="a">Web-based instruction</subfield>
   </datafield>
   <datafield tag="653" ind2=" " ind1=" ">
      <subfield code="a">Pandèmia de COVID-19, 2020-</subfield>
   </datafield>
   <datafield tag="653" ind2=" " ind1=" ">
      <subfield code="a">COVID-19 Pandemic, 2020-</subfield>
   </datafield>
   <datafield tag="653" ind2=" " ind1=" ">
      <subfield code="a">Radiologia -- Ensenyament</subfield>
   </datafield>
   <datafield tag="653" ind2=" " ind1=" ">
      <subfield code="a">Radiology -- Study and teaching</subfield>
   </datafield>
   <datafield tag="653" ind2=" " ind1=" ">
      <subfield code="a">Tecnologia educativa</subfield>
   </datafield>
   <datafield tag="653" ind2=" " ind1=" ">
      <subfield code="a">Educational technology</subfield>
   </datafield>
   <datafield ind2="0" ind1="0" tag="245">
      <subfield code="a">Asynchronous online learning as a key tool to adapt to new educational needs in radiology during the COVID-19 pandemic</subfield>
   </datafield>
</record></metadata></record></GetRecord></OAI-PMH>